Score 0/7 Timer 03:00
0 Plays Today
Question Answer Wrong Answers
This iconic fashion doll makes its debut at the American International Toy Fair in New York.
1959
Barbie
92.5%
Raggedy Ann
2.8%
Strawberry Shortcake
1.2%
Rainbow Kate
0.5%
This Russian cosmonaut, the first man to journey into outer space, is born.
1934
Yuri Gagarin
89.5%
Alexey Leonov
3.6%
Anton Shkaplerov
2.7%
Ivan Drago
1.5%
US President Franklin D. Roosevelt submits the Emergency Banking Act to Congress, the first of his ______ policies.
1933
New Deal
89.1%
Square Deal
3.7%
Good Deal
3.6%
Nice Deal
1.7%
The US Supreme Court rules that captive Africans who had seized control of the ship carrying them had been taken into slavery illegally. What was the ship that carried them called?
1841
La Amistad
81.5%
Santa Maria
5.1%
The Essex
7.9%
RMS Lusitania
4.9%
The Space Shuttle ______ makes its final landing after 39 flights.
2011
Discovery
69.2%
Apollo
11.3%
Gemini
3.4%
Columbus
12.8%
During the Mexican Revolution, this man leads nearly 500 Mexican raiders in an attack against the border town of Columbus, New Mexico.
1916
Pancho Villa
64.9%
Emiliano Zapata
22.1%
Benito Juárez
8.7%
Enrique Peña Nieto
2.9%
The fleet of Pedro Álvares Cabral leaves Lisbon for the Indies. The fleet will ‘discover’ ______, which lies within boundaries granted to Portugal in the Treaty of Tordesillas.
1500
Brazil
55.3%
Hispaniola
30.3%
Chile
4.8%
Florida
9.6%
Remove Ads.
Support Sporcle.
Get the best of Sporcle when you Go Orange. This ad-free experience offers more features, more stats, and more fun while also helping to support Sporcle. Thank you for becoming a member.

You're not logged in!

Compare scores with friends on all Sporcle quizzes.
OR
Log In

Show Comments

Extras

Top Quizzes Today


Score Distribution

Your Account Isn't Verified!

In order to create a playlist on Sporcle, you need to verify the email address you used during registration. Go to your Sporcle Settings to finish the process.

Report this User

Report this user for behavior that violates our Community Guidelines.

Details: